| 000 | 00501nam a22001817a 4500 | ||
|---|---|---|---|
| 999 |
_c234988 _d234988 |
||
| 003 | Nust | ||
| 005 | 20170404114737.0 | ||
| 008 | 170216b xxu||||| |||| 00| 0 eng d | ||
| 020 | _a9789694171234 | ||
| 040 | _c0 | ||
| 082 |
_a338.4 HUS _bWAG |
||
| 100 | _aGhulam Hussain Wagan | ||
| 245 |
_aComprehensive Irrigation Guide & Water Management Strategies _cGhulam Hussain Wagan |
||
| 260 |
_aIslamabad _bHigher Education Commission Pakistan _c2008 |
||
| 300 |
_axvii 267p. _c26cm |
||
| 500 | _aP.B | ||
| 650 | _aMCE | ||
| 942 |
_cBK _2ddc _k338.4 HUS |
||